000 01589nam a2200457 i 4500
001 53301
003 KOSZ 005
005 20200730121524.0
008 060907s2006 pl a g f |000 0 pol
015 _aPB 2006/20711
020 _a8370734367
020 _a9788370734367
035 _a(OCoLC)749898182
040 _aWA N
_cWA N
_dKOSZ 005/HR
041 1 _apol
_hger
046 _k2003
080 _a641.4/.5
080 _a(083.1)
100 1 _aLehari, Gabriele.
_eAutor
245 1 0 _aPrzechowywanie i konserwowanie żywności :
_bzamrażanie, marynowanie, wekowanie /
_cGabriele Lehari ; tł. z jęz. niem. Ewa Rachańska.
246 1 _iTyt. oryg.:
_aVorratshaltung :
_bfrisch halten - einfrieren - konservieren,
_f2003.
260 _aWarszawa :
_bMultico Oficyna Wydawnicza,
_ccop. 2006.
300 _a124, [1] s. :
_bil. kolor. ;
_c19 cm.
336 _2rdacontent
_aTekst
_btxt
337 _2rdamedia
_aBez urządzenia pośredniczącego
_bn
338 _2rdacarrier
_aWolumin
_bnc
380 _aKsiążki
380 _aPublikacje fachowe
388 _a1901-2000
388 _a2001-
490 1 _aZrób to Sam.
650 4 _aKonserwacja żywności
655 4 _aPrzepisy kulinarne
655 4 _aPoradnik
658 _aKulinaria
700 1 _aRachańska, Ewa
_eTłumaczenie
710 2 _aMultico Oficyna Wydawnicza
_4pbl.
830 0 _aZrób to Sam - Multico Oficyna Wydawnicza
856 _uhttp://koha.tu.koszalin.pl/cgi-bin/koha/opac-detail.pl?biblionumber=53301
_yKatalog online BPK
942 _2UKD
_cKS
999 _c53301
_d53301